000 00586nam a2200181Ia 4500
008 100921s9999 xx 000 0 und d
082 _b8256
_a920 थ 43
100 _aWhite Anne Terry.
245 _aGeorge Washington Carver.
260 _bरँडम हाऊस,न्यूयॉर्क.
_c1943
300 _a182
_b---
365 _b0
520 _aललित इंग्रजी चरित्र.
630 _aGeorge Washington Carver.
650 _aललित इंग्रजी चरित्र.
730 _aGeorge Washington Carver.
942 _cBOOK
999 _c757369
_d757366